Statistics for Most Traded Currencies

Click here to take the quiz!

General Stats

  • This quiz has been taken 123 times
    (93 since last reset)
  • The average score is 3 of 6

Answer Stats

Answer% Correct
Euro
89%
U.S Dollar
89%
Canadian Dollar
26%
British Pound
24%
Japanese Yen
22%
Swiss Franc
14%

Score Distribution

Percentile by Number Answered

Percent of People with Each Score

Your Score History

You have not taken this quiz since the last reset